KOHA-Header-6

Anso Shabnam aur Ghulab (Record no. 9426)

000 -LEADER
fixed length control field 00269nam a2200109Ia 4500
100 ## - MAIN ENTRY--AUTHOR NAME
Personal name Gulnar Afreen
245 #0 - TITLE STATEMENT
Title Anso Shabnam aur Ghulab
260 ## - PUBLICATION, DISTRIBUTION, ETC. (IMPRINT)
Place of publication Karachi
Name of publisher Canvas Communications
Year of publication 2004
300 ## - PHYSICAL DESCRIPTION
Number of Pages 428
942 ## - ADDED ENTRY ELEMENTS (KOHA)
Koha item type Books
Holdings
Withdrawn status Lost status Collection code Permanent Location Current Location Shelving location Date acquired Full call number Accession Number Koha item type
    Urdu Literature MAJU MAJU   2019-09-14 891.439 5163 Urdu Literature

Powered by Koha